000 00610nam a2200217Ia 4500
008 131103s9999 xx 000 0 und d
020 _a8180381145
_cRs 295
040 _aLoreto College
041 _aEnglish
082 _a341/LEE
_bLCLIB/45219
100 _aLeelakrishnan, P
245 _aEnvironmental law in India
_cP. Leelakrishnan
250 _a2nd ed
260 _aNew Delhi
_bLexisNexis, Butterworths
_c2005
300 _axxiv,340p
_c 25 cm
504 _aIncludes bibliographical references and index
650 _aEnvironmental Law
651 _aLaw
850 _aLCLIB/341/LEE
942 _cBK
999 _c15290
_d65769